000 00330nam a22001337a 4500
008 180306b xxu||||| |||| 00| 0 eng d
020 _a9780721661346
041 _aeng
080 _a617
100 _a8
101 _aORT
245 _aOrthotics in functional rehabilitation of the lower limb
_cNawoczenksi,D.A
942 _2udc
_cBK
999 _c44144
_d44144